[Event "SK Jasenica - SK Ub"]
[Site "Smederevska Palanka"]
[Date "2007.04.22"]
[Round "4"]
[White "Djokic, Nenad"]
[Black "Milanovic, Slavisa"]
[Result "1/2-1/2"]
[WhiteElo "2333"]
[BlackElo "2304"]
[PlyCount "151"]
[EventDate "2007.??.??"]

1. d4 e6 2. c4 Nf6 3. Nf3 Bb4+ 4. Bd2 Qe7 5. g3 Nc6 6. Bg2 Bxd2+ 7. Nbxd2 a5 8.
O-O d6 9. e4 e5 10. d5 Nb8 11. Ne1 O-O 12. Nd3 Na6 13. a3 Bg4 14. f3 Bd7 15. b4
axb4 16. axb4 c6 17. dxc6 bxc6 18. Qe2 Rfb8 19. Qe3 Nc7 20. Nb3 c5 21. Rxa8
Nxa8 22. b5 Bxb5 23. cxb5 c4 24. Na5 Qc7 25. Nc6 cxd3 26. Nxb8 Qxb8 27. Qxd3
Qb6+ 28. Kh1 Nc7 29. Rc1 Nd7 30. Rc6 Qxb5 31. Rxd6 Qxd3 32. Rxd3 Nf8 33. Bf1 g5
34. Kg2 Kg7 35. Kf2 Nce6 36. Rd5 Kf6 37. Bc4 h5 38. Ke3 h4 39. Ra5 hxg3 40.
hxg3 Ng7 41. Ra8 Nfe6 42. Rh8 Kg6 43. Rh1 Nc5 44. Rc1 Nce6 45. Bd5 Kf6 46. Rc6
Ke7 47. Ra6 Kf6 48. Kf2 Ke7 49. Kg2 g4 50. fxg4 Ng5 51. Kf2 Ne8 52. Ra7+ Kf8
53. Ra6 Kg7 54. Ke3 Nf6 55. Ra4 Nxg4+ 56. Kd3 Kg6 57. Bb7 Nf6 58. Ra2 Nh5 59.
Rg2 Nf6 60. Bc6 Ne6 61. Ke3 Nd4 62. Ba4 Kg5 63. Kd3 Ne6 64. Bc6 Nd4 65. Bd5 Kg4
66. Rf2 Nh5 67. Bxf7 Kxg3 68. Rf1 Nf4+ 69. Kc4 Nf3 70. Kc5 Nd2 71. Rg1+ Kf2 72.
Rg8 Nxe4+ 73. Kc6 Nc3 74. Bg6 Kf3 75. Kd6 e4 76. Bxe4+ 1/2-1/2

[Event "SK Ub - SK Jasenica"]
[Site "Smederevska Palanka"]
[Date "2007.04.22"]
[Round "4"]
[White "Nikolic, Dragovan"]
[Black "Djoric, Dusan"]
[Result "1/2-1/2"]
[WhiteElo "2301"]
[BlackElo "2308"]
[PlyCount "25"]

1. d4 d5 2. Nf3 Nc6 3. Bf4 Bf5 4. e3 e6 5. c3 Bd6 6. Bb5 Nge7 7. Nbd2 h6 8. Ne5
O-O 9. Ndf3 Nxe5 10. Bxe5 Ng6 11. Bxd6 Qxd6 12. Bd3 Bxd3 13. Qxd3 1/2-1/2

[Event "SK Progres - SK Celin kamen"]
[Site "Pirot"]
[Date "2007.04.22"]
[Round "4"]
[White "Nikolic, Boban"]
[Black "Kostic, Nebojsa"]
[Result "0-1"]
[WhiteElo "2224"]
[BlackElo "2333"]
[PlyCount "94"]

1. e4 d6 2. d4 Nf6 3. Nd2 c6 4. Ngf3 Bg4 5. h3 Bh5 6. g4 Bg6 7. Bd3 e6 8. Qe2
d5 9. c3 dxe4 10. Nxe4 Nxe4 11. Bxe4 Bxe4 12. Qxe4 Qd5 13. Qxd5 cxd5 14. Bd2
Bd6 15. O-O-O Nc6 16. Ne1 b5 17. Nd3 a5 18. Bf4 Ke7 19. Bxd6+ Kxd6 20. Kd2 Rhc8
21. f4 b4 22. Rc1 Rab8 23. f5 bxc3+ 24. bxc3 e5 25. dxe5+ Nxe5 26. Nxe5 Kxe5
27. Rhe1+ Kf6 28. Rb1 h5 29. Kd3 hxg4 30. hxg4 Rxb1 31. Rxb1 Rc4 32. Rb6+ Ke5
33. Rb7 Rxg4 34. Rxf7 a4 35. a3 Rg3+ 36. Kd2 Ke4 37. Re7+ Kxf5 38. Ra7 Rg4 39.
Kd3 Ke5 40. Ra6 g5 41. Ra5 Rf4 42. Ra8 g4 43. Rg8 Rf3+ 44. Kd2 Kf4 45. Rf8+ Kg3
46. Rd8 Rf5 47. Ke2 Kg2 0-1

[Event "SK Celin kamen - SK Progres"]
[Site "Pirot"]
[Date "2007.04.22"]
[Round "4"]
[White "Djokic, Vladan"]
[Black "Ignjatovic, Miroslav"]
[Result "1-0"]
[WhiteElo "2282"]
[BlackElo "1899"]
[PlyCount "59"]

1. e4 e5 2. Nf3 Nf6 3. Nxe5 d6 4. Nf3 Nxe4 5. d4 d5 6. Bd3 Nc6 7. O-O Bg4 8.
Re1 Be7 9. c3 f5 10. Nbd2 O-O 11. Qb3 Kh8 12. Qxb7 Rf6 13. Qb3 Re6 14. Nf1 Bxf3
15. gxf3 Nc5 16. Rxe6 Nxb3 17. axb3 Qd7 18. Bxf5 Bd6 19. Bg4 Qf7 20. Ng3 Ne7
21. Bg5 Ng6 22. Rae1 Nf4 23. Bxf4 Bxf4 24. Re7 Qf8 25. Bd7 Bc1 26. Re8 Bxb2 27.
Rxf8+ Rxf8 28. Re8 Rxe8 29. Bxe8 Bxc3 30. Ne2 1-0

[Event "SK Progres - SK Celin kamen"]
[Site "Pirot"]
[Date "2007.04.22"]
[Round "4"]
[White "Jonic, Vladimir"]
[Black "Kajganovic, Miodrag"]
[Result "1/2-1/2"]
[WhiteElo "2213"]
[BlackElo "2271"]
[PlyCount "103"]

1. e4 c5 2. Nf3 Nc6 3. d4 cxd4 4. Nxd4 Nf6 5. Nc3 d6 6. Be3 a6 7. Bc4 e6 8. O-O
Qc7 9. Bb3 Be7 10. Kh1 Na5 11. Qe2 O-O 12. f4 b5 13. Bg1 Nc4 14. Ncxb5 axb5 15.
Nxb5 Qb7 16. Bxc4 Nxe4 17. Bd3 Nf6 18. c4 Rd8 19. a4 Bd7 20. Rfc1 Bc6 21. Rc2
g6 22. b3 Nh5 23. Rf1 e5 24. Rb2 Nxf4 25. Rxf4 exf4 26. Nd4 f3 27. gxf3 Bg5 28.
Nxc6 Qxc6 29. Be4 Qc7 30. Ra2 Rab8 31. a5 Rxb3 32. a6 d5 33. Bxd5 Rb1 34. Kg2
Rxg1+ 35. Kxg1 Qa7+ 36. Kg2 Bf4 37. Qb2 Be3 38. Qb7 Rd7 39. Qxa7 Bxa7 40. f4
Kf8 41. Kf3 Ke7 42. Ra5 Kd6 43. Rb5 f6 44. Rb7 h6 45. Rxd7+ Kxd7 46. f5 gxf5
47. Kf4 Kc7 48. Kxf5 Kb6 49. Bb7 Bb8 50. Kxf6 Bxh2 51. Kf5 Bg1 52. Kg6 1/2-1/2

[Event "SK Ub - SK Zadrugar"]
[Site "Ub"]
[Date "2007.04.29"]
[Round "5"]
[White "Ivanovic, Dragutin"]
[Black "Trifunovic, Miroljub"]
[Result "1/2-1/2"]
[WhiteElo "2350"]
[BlackElo "2270"]
[PlyCount "102"]

1. d4 d5 2. c4 e6 3. Nc3 Be7 4. cxd5 exd5 5. Bf4 c6 6. e3 Nf6 7. Bd3 O-O 8. Qc2
Be6 9. Nf3 h6 10. h3 c5 11. dxc5 Nc6 12. a3 Bxc5 13. O-O a6 14. b4 Bd6 15. Bxd6
Qxd6 16. Ne2 Rac8 17. Qb2 Rfe8 18. Rfd1 Qe7 19. Rac1 Bd7 20. Ned4 Ne4 21. Nxc6
Bxc6 22. Qd4 Ba4 23. Re1 Bc6 24. Bc2 Nf6 25. Bb3 a5 26. Red1 axb4 27. axb4 Ra8
28. Ra1 Rad8 29. Bc2 Bb5 30. Ra5 Be2 31. Re1 Bc4 32. Qb2 b6 33. Raa1 Ne4 34.
Nd4 Qf6 35. Bd1 Ra8 36. Bf3 Ng5 37. Be2 Ne6 38. Rxa8 Rxa8 39. Bxc4 Nxd4 40.
exd4 dxc4 41. Re5 Rc8 42. Qc3 Qg6 43. Re3 b5 44. Rg3 Qf6 45. Rf3 Qd6 46. Rf5
Rd8 47. Rxb5 Qxd4 48. Qxd4 Rxd4 49. Rc5 c3 50. b5 Rb4 51. Rxc3 Rxb5 1/2-1/2

[Event "SK Zadrugar - SK Ub"]
[Site "Ub"]
[Date "2007.04.29"]
[Round "5"]
[White "Cvetkovic, Nemanja"]
[Black "Sandic, Vladeta"]
[Result "1-0"]
[WhiteElo "2279"]
[BlackElo "2326"]
[PlyCount "78"]

1. d4 Nf6 2. c4 c5 3. d5 g6 4. Nc3 d6 5. e4 Bg7 6. f4 O-O 7. Nf3 e6 8. Be2 exd5
9. exd5 Nh5 10. O-O Bxc3 11. bxc3 f5 12. Re1 h6 13. Bd3 Kh7 14. Qe2 Rf7 15. Bd2
Bd7 16. Rab1 b6 17. h3 Na6 18. Qf2 Nc7 19. Nh4 Qf6 20. g4 Ng7 21. g5 hxg5 22.
Nf3 Re7 23. Nxg5+ Kg8 24. Rxe7 Qxe7 25. Re1 Qf6 26. Qh4 Nh5 27. Be2 Re8 28.
Bxh5 Rxe1+ 29. Bxe1 gxh5 30. Qxh5 Qg7 31. Kh2 b5 32. cxb5 Bxb5 33. c4 Be8 34.
Qe2 Qd4 35. Qe7 Qxf4+ 36. Kg2 Bg6 37. Bc3 Ne8 38. Qe6+ Kf8 39. Qxg6 Qxc4 1-0

[Event "SK Ub - SK Zadrugar"]
[Site "Ub"]
[Date "2007.04.29"]
[Round "5"]
[White "Nikolic, Dragovan"]
[Black "Rajkovic, Ljubisa"]
[Result "1-0"]
[WhiteElo "2301"]
[BlackElo "2196"]
[PlyCount "109"]

1. d4 c5 2. Nf3 cxd4 3. Nxd4 d5 4. Bf4 Nc6 5. e3 Nf6 6. Be2 Qb6 7. Nxc6 bxc6 8.
b3 Bf5 9. O-O e6 10. c4 Be7 11. Nc3 O-O 12. Na4 Qa5 13. cxd5 cxd5 14. a3 Rfc8
15. b4 Qd8 16. Ra2 Bd6 17. Bxd6 Qxd6 18. Nc5 Qb6 19. Bd3 Bxd3 20. Qxd3 Rc7 21.
h3 Rac8 22. Qa6 Qxa6 23. Nxa6 Rc2 24. Rxc2 Rxc2 25. a4 h5 26. a5 Ne4 27. f3 Ng3
28. Rb1 Ne2+ 29. Kh2 Nc3 30. Rb3 Nb5 31. h4 Kf8 32. Nc5 Ke7 33. Kh3 d4 34. exd4
Nxd4 35. Rb1 e5 36. Nd3 Kd6 37. b5 Rc3 38. b6 axb6 39. Rxb6+ Rc6 40. Rb7 Ke6
41. Nb4 Rc1 42. a6 Ra1 43. a7 Kd6 44. Rxf7 Ke6 45. Rb7 Kd6 46. Kh2 Kc5 47. Nd3+
Kd6 48. Rxg7 Nc6 49. Rg6+ Kd5 50. Rg5 Kd4 51. Nc1 Rxa7 52. Ne2+ Ke3 53. Ng3 Ra4
54. Rxh5 Kf4 55. Rf5+ 1-0

[Event "SK Zadrugar - SK Ub"]
[Site "Ub"]
[Date "2007.04.29"]
[Round "5"]
[White "Jakovljevic, Zivota"]
[Black "Dragicevic, Dragan"]
[Result "0-1"]
[WhiteElo "2151"]
[BlackElo "2151"]
[PlyCount "94"]

1. d4 Nf6 2. c4 g6 3. Nc3 Bg7 4. e4 d6 5. f3 c6 6. Be3 a6 7. Qd2 O-O 8. Bd3 b5
9. Nge2 bxc4 10. Bxc4 d5 11. Bb3 dxe4 12. Nxe4 Nd5 13. Bf2 Nd7 14. O-O f5 15.
N4c3 N7b6 16. Na4 Nxa4 17. Bxa4 Qd6 18. Rac1 Bb7 19. Bb3 Kh8 20. Nc3 Nf4 21.
Rcd1 Rad8 22. Qc2 g5 23. Na4 Qg6 24. Nc5 Bc8 25. Nd3 Nxd3 26. Rxd3 f4 27. Rc3
Bf5 28. Qc1 Rd6 29. Bc2 g4 30. fxg4 Bxc2 31. Qxc2 Qxg4 32. Qd1 Qe6 33. b3 Qd7
34. Qf3 Rg6 35. Rd3 Rg8 36. Kh1 Bf6 37. Rg1 Qf5 38. g3 Rg4 39. h3 Qh5 40. gxf4
Rxg1+ 41. Bxg1 Qf5 42. Bf2 Rf8 43. Rd1 Bg5 44. Be3 Bf6 45. Kh2 Qc2+ 46. Rd2 Qf5
47. Qg3 Rg8 0-1

[Event "SK Celin kamen - SK Ub"]
[Site "Donja Studena"]
[Date "2007.05.05"]
[Round "6"]
[White "Kajganovic, Miodrag"]
[Black "Ivanovic, Dragutin"]
[Result "0-1"]
[WhiteElo "2271"]
[BlackElo "2350"]
[PlyCount "86"]

1. d4 d5 2. Nf3 Nf6 3. c4 e6 4. Nc3 Be7 5. Bg5 h6 6. Bh4 O-O 7. e3 b6 8. Qc2
Bb7 9. cxd5 Nxd5 10. Nxd5 Bxd5 11. Bxe7 Qxe7 12. Be2 Nd7 13. O-O c5 14. Rfd1
Rfc8 15. Qa4 c4 16. Nd2 a6 17. e4 b5 18. Qc2 Bb7 19. Nf1 Qh4 20. Bf3 e5 21. g3
Qg5 22. Ne3 exd4 23. Rxd4 Nc5 24. Nd5 Nd3 25. Bg2 Bxd5 26. Rxd5 Nb4 27. Qc3
Nxd5 28. exd5 Qf6 29. a3 Qd6 30. Qa5 Rab8 31. Rc1 Re8 32. Bf3 Qf6 33. Qc3 Qxc3
34. bxc3 Kf8 35. Kf1 Ke7 36. Ke2 Kd6+ 37. Kd2 a5 38. Ra1 Kc5 39. Kc2 Re5 40. g4
Rb6 41. Rf1 Rf6 42. Bd1 Rxd5 43. Be2 Rfd6 0-1

[Event "SK Ub - SK Celin kamen"]
[Site "Donja Studena"]
[Date "2007.05.05"]
[Round "6"]
[White "Milanovic, Slavisa"]
[Black "Djokic, Vladan"]
[Result "1/2-1/2"]
[WhiteElo "2304"]
[BlackElo "2252"]
[PlyCount "91"]

1. c4 c5 2. Nf3 Nf6 3. d4 cxd4 4. Nxd4 a6 5. g3 Qc7 6. Bg2 Qxc4 7. O-O Nc6 8.
Nb3 d5 9. Nc3 d4 10. Bxc6+ Qxc6 11. Nxd4 Qd6 12. Nb3 Qxd1 13. Rxd1 e6 14. Bg5
Be7 15. Na4 Nd7 16. Bxe7 Kxe7 17. Rac1 b5 18. Nac5 Ra7 19. Nd4 Nb8 20. f4 Rd8
21. e4 Bb7 22. b4 Ba8 23. Kf2 Nd7 24. Ke3 Nb6 25. Ndb3 Nc4+ 26. Ke2 Rxd1 27.
Rxd1 e5 28. fxe5 Nxe5 29. Nd4 g6 30. Ke3 Bc6 31. Kf4 f6 32. h4 Bd7 33. Nf3 Nxf3
34. Kxf3 Bc6 35. Kf4 a5 36. e5 fxe5+ 37. Kxe5 axb4 38. Rd6 Be8 39. Na6 Bf7 40.
Nxb4 Ra3 41. Nc6+ Kf8 42. Rd8+ Kg7 43. Rd7 Kf8 44. Nd8 Bg8 45. Ne6+ Bxe6 46.
Kxe6 1/2-1/2

[Event "SK Celin kamen - SK Ub"]
[Site "Donja Studena"]
[Date "2007.05.05"]
[Round "6"]
[White "Stankovic, Dejan"]
[Black "Nikolic, Dragovan"]
[Result "0-1"]
[WhiteElo "2207"]
[BlackElo "2301"]
[PlyCount "66"]

1. e4 c5 2. Nf3 Nc6 3. Bb5 Qb6 4. Bxc6 Qxc6 5. Nc3 Nf6 6. Qe2 d6 7. d4 Bg4 8.
d5 Qc7 9. h3 Bxf3 10. gxf3 a6 11. a4 g6 12. f4 Bg7 13. h4 Nh5 14. f5 Be5 15.
Ra3 O-O-O 16. Qg4 Kb8 17. Nd1 Rde8 18. f4 Bg7 19. Ne3 Bh6 20. fxg6 hxg6 21. O-O
Bg7 22. Nc4 Nf6 23. Qf3 Rxh4 24. Rb3 Ng4 25. e5 Reh8 26. Bd2 Nh2 27. Qc3 Nxf1
28. Kxf1 Rh1+ 29. Ke2 R8h2+ 30. Kd3 Rh3+ 31. Be3 dxe5 32. Nxe5 Bxe5 33. fxe5
c4+ 0-1

[Event "SK Ub - SK Celin kamen"]
[Site "Donja Studena"]
[Date "2007.05.05"]
[Round "5"]
[White "Dragicevic, Dragan"]
[Black "Zivkovic, Branimir"]
[Result "0-1"]
[WhiteElo "2151"]
[BlackElo "2234"]
[PlyCount "78"]
[EventDate "2007.??.??"]

1. d4 Nf6 2. c4 g6 3. Nc3 Bg7 4. e4 d6 5. h3 O-O 6. Nf3 c6 7. Be2 Qc7 8. Bg5
Nbd7 9. Rc1 e5 10. d5 Nc5 11. Nd2 a5 12. O-O Re8 13. b3 h6 14. Be3 Ncd7 15. a3
Nf8 16. b4 axb4 17. axb4 g5 18. c5 Ng6 19. Nc4 Bf8 20. dxc6 dxc5 21. Nd5 Nxd5
22. exd5 bxc6 23. d6 Qd8 24. bxc5 Ra7 25. Ra1 Rxa1 26. Qxa1 Be6 27. Nb6 f5 28.
Bc4 f4 29. Bxe6+ Rxe6 30. Qa2 Kf7 31. Bc1 Kf6 32. Na8 Bxd6 33. Rd1 Qf8 34. cxd6
Rxd6 35. Rxd6+ Qxd6 36. Qb3 Nh4 37. Nb6 Qd4 38. Ba3 Qe4 39. f3 Qe1+ 0-1